Chemical engineering plant design

Αποθηκεύτηκε σε:
Λεπτομέρειες βιβλιογραφικής εγγραφής
Κύριοι συγγραφείς: Vilbrandt, Frank C (Συγγραφέας), Dryden, Charles E (Συγγραφέας)
Μορφή: Βιβλίο
Γλώσσα:Αγγλικά
Έκδοση: Tokio McGraw-Hill Kogakusha 1959
Έκδοση:4a. ed
Σειρά:McGraw-Hill Series in Chemical Engineering
Θέματα:
Ετικέτες: Προσθήκη ετικέτας
Δεν υπάρχουν, Καταχωρήστε ετικέτα πρώτοι!

MARC

LEADER 00000nam a2200000 a 4500
001 UCU7096
003 CL-VaPUC
008 960628e19590000JA |||||||||||||||||eng|d
082 0 4 |a 660.28  |b VIL  |2 21 
100 0 |a Vilbrandt, Frank C  |e author  |9 365629 
700 0 |a Dryden, Charles E  |e author  |9 365630 
245 1 0 |a Chemical engineering plant design 
250 |a 4a. ed 
300 |a 534 p 
942 |c BK 
945 |d 19960628 00:00:00  |a cmena 
260 |a Tokio  |b McGraw-Hill Kogakusha  |c 1959 
650 0 |a Plantas industriales  |9 364524 
650 0 |a Tecnología química   |9 263002 
650 0 |a Equipo industrial   |9 263607 
650 7 |a INDUSTRIA QUIMICA  |2 CL-VaPUC  |9 365631 
583 |a last modification  |c 20190713 21:44:19  |k Rodrigo Vera 
490 0 |a McGraw-Hill Series in Chemical Engineering 
999 |c 249799  |d 249797